|
|
|
|
| LEADER |
01114nam a2200277 a 4500 |
| 001 |
000489412 |
| 003 |
CZ BrMZK |
| 005 |
20150121092236.0 |
| 007 |
ta |
| 008 |
940120s1991 xr f 000 0 cze d |
| 015 |
|
|
|a cnb000071192
|
| 040 |
|
|
|a BOA001
|b cze
|
| 080 |
|
|
|a 33(437)"199"
|2 MRF
|
| 080 |
|
|
|a 323(437)"199"
|2 MRF
|
| 100 |
1 |
|
|a Formánek, Miloslav,
|d 1930-
|7 jk01031593
|4 aut
|
| 245 |
1 |
0 |
|a Kam se řítíš, Československo? /
|c Miloslav Formánek
|
| 260 |
|
|
|a Praha :
|b SAKKO,
|c 1991
|
| 300 |
|
|
|a 119 s. ;
|c 21 cm
|
| 504 |
|
|
|a Obsahuje bibliografické odkazy
|
| 500 |
|
|
|a Dostupné též v digitální podobě v aplikaci Kramerius
|
| 653 |
0 |
|
|a ekonomický vývoj
|a kultura
|a politický vývoj
|a Československo
|
| 856 |
4 |
1 |
|u http://www.digitalniknihovna.cz/mzk/uuid/uuid:48d93df0-ab69-11e4-a7a2-005056827e51
|y Digitalizovaný dokument
|x NDK
|
| 910 |
|
|
|a BOA001
|b 2-0971.931
|
| 964 |
|
|
|a Československo - vývoj politicko-ekonomický - stol. 20., léta 90., poč. - hledisko levicové - studie
|
| 990 |
|
|
|a BK
|
| 996 |
6 |
|
|b 2619693634
|c 2-0971.931
|l MZK
|r Sklad / do 1 hodiny
|n 2
|w 000489412
|u 000010
|a 1
|e BOA001
|j MZK50
|s P
|